[Event "Open Ricany 2oo9"]
[Site "?"]
[Date "2009.08.22"]
[Round "1.37"]
[White "Ruzicka ml.,Vaclav"]
[Black "Skalicky ,Tomas"]
[Result "1-0"]
[WhiteElo "2024"]
[BlackElo "1607"]

1. d4 d5 2. c4 e6 3. Nf3 Nf6 4. Bg5 c6 5. e3 Nbd7 6. Nc3 Qa5 7. Bxf6 Nxf6
8. Nd2 Bb4 9. Qc2 O-O 10. Bd3 Rd8 11. O-O c5 12. Nb3 Qc7 13. Nb5 Qb6 14. a3 dxc4
15. Bxc4 Bd7 16. axb4 Bxb5 17. bxc5 Qc6 18. Na5 Qd7 19. Bxb5 Qxb5 20. Qc4 Qxc4
21. Nxc4 Nd5 22. g3 Kf8 23. b4 a6 24. Rfb1 Nc3 25. Rb3 Nb5 26. Nb6 Rab8 27. Rd3
1-0

[Event "Open Ricany 2oo9"]
[Site "?"]
[Date "2009.08.22"]
[Round "1.2"]
[White "Maly ,Filip"]
[Black "Kulhanek ,Tomas"]
[Result "0-1"]
[WhiteElo "1986"]
[BlackElo "2444"]

1. e4 c5 2. Nf3 Nc6 3. d4 cxd4 4. Nxd4 g6 5. Nc3 Bg7 6. Be3 Nf6 7. f3 O-O
8. Qd2 d5 9. Nxc6 bxc6 10. O-O-O Qc7 11. h4 dxe4 12. h5 Nxh5 13. g4 Nf6 14. Bh6
Qe5 15. Bf4 Qa5 16. Bh6 Qe5 17. Bf4 e3 18. Qh2 Qa5 19. Bh6 Bh8 20. Bxf8 Kxf8
21. Qh6+ Bg7 22. Qxe3 Be6 23. Qd3 Rb8 0-1

[Event "Open Ricany 2oo9"]
[Site "?"]
[Date "2009.08.22"]
[Round "1.21"]
[White "Postupa st.,Pavel"]
[Black "Feierfeil ,Jiøí"]
[Result "1/2-1/2"]
[WhiteElo "2081"]
[BlackElo "1855"]

1. e4 c5 2. Nf3 d6 3. d4 cxd4 4. Nxd4 Nf6 5. Nc3 e6 6. Be2 Be7 7. O-O O-O
8. Be3 a6 9. f4 Qc7 10. Kh1 b5 11. Bf3 Bb7 12. a3 Nc6 13. Nxc6 Bxc6 14. Qe2 Rfd8
15. Rad1 Rac8 16. g4 Qb7 17. Bd4 Nd7 18. f5 Ne5 19. Bxe5 dxe5 20. Rxd8+ Rxd8
21. Rd1 exf5 22. Rxd8+ Bxd8 23. gxf5 Qe7 24. Qg2 Qg5 25. Qxg5 Bxg5 26. b3 g6
27. Kg2 Kf8 28. a4 b4 29. Nd1 Bc1 30. Nf2 Bd2 31. h3 Ke7 32. fxg6 fxg6 33. Be2
a5 34. Kf3 Kd6 35. Bd3 Bg5 36. Kg4 Be3 37. Nd1 Bd7+ 38. Kg3 Bd4 39. h4 Ke7
40. Nf2 Bc3 41. Be2 Bc6 42. h5 gxh5 43. Bxh5 Be1 44. Bf3 Kd6 45. Kg2 Bd2 46. Kf1
Bc3 47. Ke2 Bd4 48. Ng4 Bb7 49. Nh6 Ba6+ 50. Kd2 Ke6 51. Bh5 Kf6 1/2-1/2

[Event "Open Ricany 2oo9"]
[Site "?"]
[Date "2009.08.22"]
[Round "1.14"]
[White "Haman ,Jakub"]
[Black "Skrivanek ,Jan"]
[Result "1/2-1/2"]
[WhiteElo "1926"]
[BlackElo "2136"]

1. e4 c5 2. f4 d5 3. exd5 Nf6 4. Nf3 Nxd5 5. Bb5+ Nc6 6. Bxc6+ bxc6 7. d3 g6
8. O-O Bg7 9. Na3 O-O 10. Ne5 Qc7 11. Nac4 h5 12. Bd2 Be6 13. Qe2 Nb6 14. Nxg6
Nxc4 15. dxc4 Bg4 16. Qxe7 Qd8 17. Qxd8 Rfxd8 18. Ne7+ Kf8 19. Ba5 Kxe7
20. Rae1+ Kf8 21. Bxd8 Rxd8 22. f5 Rd2 23. f6 Bh6 24. h3 Be6 25. Rf2 Rxf2
26. Kxf2 Bg5 27. b3 Bxf6 28. Kf3 Kg7 29. g4 hxg4+ 30. hxg4 Kg6 31. Rh1 Bg7
32. Rh5 f5 33. Kf4 Bh6+ 34. Rxh6+ Kxh6 35. gxf5 Bc8 36. Ke5 Kg7 37. Kd6 Bxf5
38. Kxc6 Bxc2 39. Kxc5 Kf7 40. b4 Ke7 41. Kc6 Be4+ 42. Kc7 Bd3 43. c5 Ke6
44. Kb7 a6 45. c6 Be4 46. Kxa6 Bxc6 47. Kb6 Ba4 48. Ka5 Be8 49. a4 Kd7 50. Kb6
Kc8 51. a5 Kb8 52. a6 Bh5 53. a7+ 1/2-1/2

[Event "Open Ricany 2oo9"]
[Site "?"]
[Date "2009.08.22"]
[Round "1.12"]
[White "Macek ,Kamil"]
[Black "Drabek ,Vojtech"]
[Result "0-1"]
[WhiteElo "1940"]
[BlackElo "2156"]

1. e4 c5 2. c3 d5 3. exd5 Qxd5 4. d4 Nf6 5. Nf3 Nc6 6. Be2 e6 7. O-O cxd4
8. cxd4 Be7 9. Nc3 Qd8 10. Bc4 O-O 11. Bf4 a6 12. a4 Nb4 13. Re1 Nbd5 14. Be5
Bb4 15. Qb3 Qa5 16. Bxd5 Nxd5 17. Nxd5 Bxe1 18. Ne7+ Kh8 19. Nxe1 Bd7 20. Qxb7
Bxa4 21. Nf3 Rfe8 22. Nc6 Bxc6 0-1

[Event "Open Ricany 2oo9"]
[Site "?"]
[Date "2009.08.22"]
[Round "1.17"]
[White "Fojtu ,Jan"]
[Black "Sochorova ,Jana"]
[Result "1-0"]
[WhiteElo "2093"]
[BlackElo "1903"]

1. e4 c6 2. d4 d5 3. Nc3 dxe4 4. Nxe4 Bf5 5. Ng3 Bg6 6. Nf3 Nd7 7. h4 h6 8. Be2
e6 9. Bf4 Ngf6 10. Bd3 Bxd3 11. Qxd3 Nd5 12. Bd2 Bd6 13. Ne4 Be7 14. c4 N5f6
15. Nc3 Qc7 16. O-O-O O-O 17. Rdg1 e5 18. Re1 Rad8 19. Nd1 e4 20. Qc3 exf3
21. Rxe7 fxg2 22. Rg1 Qh2 23. Ree1 Rfe8 24. Ne3 Ne4 25. Qc2 Ndf6 26. Rxg2 Qxh4
27. Rxg7+ Kf8 28. Bb4+ c5 29. dxc5 Qxf2 30. Rg2 Qf3 31. c6+ Nd6 32. Rf2 Qg3
33. c7 1-0

[Event "Open Ricany 2oo9"]
[Site "?"]
[Date "2009.08.22"]
[Round "1.22"]
[White "Adamik ,Frantisek"]
[Black "Polak ,Benedikt"]
[Result "1/2-1/2"]
[WhiteElo "1882"]
[BlackElo "2075"]

1. c4 Nf6 2. Nc3 g6 3. e4 d6 4. d4 Bg7 5. f3 O-O 6. Be3 Nc6 7. g4 e5 8. d5 Nd4
9. Be2 c5 10. h4 a6 11. h5 b5 12. Kf2 bxc4 13. Bxc4 Rb8 14. b3 Bd7 15. Rb1 Qc8
16. h6 Bh8 17. Rh4 Qd8 18. Kg3 Ne8 19. g5 f5 20. gxf6 Bxf6 21. Rh2 Bg5 22. Qd2
Bxe3 23. Qxe3 a5 24. Rf1 Nf6 25. Nge2 Nh5+ 26. Kg2 Nf4+ 27. Kh1 Qf6 28. Nxf4
Qxf4 29. Qxf4 Rxf4 30. Be2 Kh8 31. Kg1 g5 32. Rhf2 Rh4 33. Rh2 Rxh2 34. Kxh2
Nxe2 35. Nxe2 1/2-1/2

[Event "Open Ricany 2oo9"]
[Site "?"]
[Date "2009.08.22"]
[Round "1.8"]
[White "Hadrava ,Jaroslav"]
[Black "Herejk ,Petr"]
[Result "0-1"]
[WhiteElo "1963"]
[BlackElo "2174"]

1. e4 c5 2. Nf3 d6 3. d4 cxd4 4. Nxd4 Nf6 5. Nc3 Nc6 6. Be2 e5 7. Nb3 Be7
8. O-O O-O 9. Be3 a5 10. a4 Be6 11. f4 exf4 12. Rxf4 Ne5 13. Nd4 Rc8 14. Nf5
Bxf5 15. exf5 d5 16. Qf1 Bd6 17. Rd1 Nc6 18. Rf2 Re8 19. Bg5 Bc5 20. Nxd5 Bxf2+
21. Qxf2 Ne4 22. Qf4 Qxg5 0-1

[Event "Open Ricany 2oo9"]
[Site "?"]
[Date "2009.08.22"]
[Round "1.33"]
[White "Boucek ,Vlastimil"]
[Black "Havlicek ,Pavel"]
[Result "1/2-1/2"]
[WhiteElo "2032"]
[BlackElo "1774"]

1. e4 e5 2. Nc3 Nc6 3. g3 Nf6 4. Bg2 Be7 5. Nge2 d6 6. O-O O-O 7. h3 Bd7 8. Kh2
Rb8 9. d3 a6 10. Be3 b5 11. Qd2 Qc8 12. f4 b4 13. Nd1 a5 14. f5 Be8 15. g4 Nd7
16. g5 f6 17. h4 Bh5 18. Bf3 Qe8 19. Ng3 Bxf3 20. Rxf3 Nd4 21. Rf2 Nb6 22. c3
Nc6 23. Rg2 d5 24. Bxb6 Rxb6 25. exd5 Nd8 26. Nf2 Nf7 27. Nfe4 Qd8 28. gxf6 Bxf6
29. Nh5 Kh8 30. Nhxf6 Rxf6 31. Nxf6 Qxf6 32. Qf2 Nh6 33. Rf1 Nxf5 34. Kh3 Ne3
35. Qxf6 gxf6 36. Rgf2 Nxf1 37. Rxf1 Kg7 38. Kg4 Kg6 39. h5+ Kf7 40. c4 Rg8+
41. Kf3 Rg5 42. Rh1 Ke7 43. h6 Kd6 44. b3 Kc5 45. Rh4 Rg6 46. Ke4 Rg5 47. Rh3
Kd6 48. Kf3 Kc5 49. Rg3 Rxg3+ 50. Kxg3 f5 51. Kf3 1/2-1/2

[Event "Open Ricany 2oo9"]
[Site "?"]
[Date "2009.08.22"]
[Round "1.6"]
[White "Vlcek ,Marek"]
[Black "Hosticka ,Frantisek"]
[Result "0-1"]
[WhiteElo "1972"]
[BlackElo "2185"]

1. b3 Nf6 2. Bb2 g6 3. e3 Bg7 4. f4 d6 5. Nf3 O-O 6. Be2 c5 7. c4 Nc6 8. O-O a6
9. h3 Re8 10. d4 cxd4 11. Nxd4 Bd7 12. Nc3 Rb8 13. Bf3 Nxd4 14. exd4 b5 15. cxb5
axb5 16. Rc1 b4 17. Nd5 Nxd5 18. Bxd5 Qa5 19. Qf3 e6 20. Be4 Qxa2 21. Rf2 Qa7
22. Qd3 d5 23. Bf3 Rec8 24. Ra1 Qb6 25. g4 Ra8 26. Rd1 Qd6 27. Bg2 Bh6 28. Qf3
Rab8 29. Re1 f5 30. gxf5 gxf5 31. Qg3+ Kh8 32. Qh4 Bg7 33. Bf3 Rg8 34. Bh5 Bf6+
35. Qg4 fxg4 36. hxg4 0-1

[Event "Open Ricany 2oo9"]
[Site "?"]
[Date "2009.08.22"]
[Round "1.34"]
[White "Hatas ,Radim"]
[Black "Dolezal ,Radoslav"]
[Result "0-1"]
[WhiteElo "1773"]
[BlackElo "2027"]

1. e4 e5 2. Nc3 Nc6 3. Bc4 Nf6 4. d3 Be7 5. f4 d6 6. Nf3 O-O 7. O-O Na5 8. fxe5
dxe5 9. Bb3 c6 10. Kh1 Qc7 11. Qe1 Nd7 12. Ne2 Nxb3 13. axb3 Nc5 14. Qg3 f6
15. Be3 a6 16. Ned4 Bd6 17. Nf5 Bxf5 18. Bxc5 Bxc5 19. exf5 Qd7 20. Nd2 Bd4
21. c3 Bb6 22. Ne4 Rad8 23. Rf3 Qf7 24. Nd2 Rd7 25. Ra4 Rfd8 26. Rb4 Bc7 27. Ne4
b5 0-1

[Event "Open Ricany 2oo9"]
[Site "?"]
[Date "2009.08.22"]
[Round "1.31"]
[White "Pavlicek ,Petr"]
[Black "Rezac ,Jindrich"]
[Result "1-0"]
[WhiteElo "2036"]
[BlackElo "1818"]

1. c4 e5 2. Nc3 Nf6 3. Nf3 Nc6 4. g3 d5 5. cxd5 Nxd5 6. Bg2 Be6 7. O-O f5
8. Qa4 Bd6 9. d3 O-O 10. Nxd5 Bxd5 11. Qb5 Ne7 12. Ng5 Bxg2 13. Kxg2 Qe8
14. Qxb7 f4 15. Qe4 Qh5 16. Nf3 g5 17. h3 Rab8 18. a3 Ng6 19. b4 g4 20. hxg4
Qxg4 21. Rh1 h5 22. Nh4 Qg5 23. Qxg6+ 1-0

[Event "Open Ricany 2oo9"]
[Site "?"]
[Date "2009.08.22"]
[Round "1.13"]
[White "Blumel ,Otto"]
[Black "Havelka ,Petr"]
[Result "1-0"]
[WhiteElo "2142"]
[BlackElo "1936"]

1. d4 d5 2. e4 dxe4 3. Nc3 Nf6 4. f3 exf3 5. Nxf3 Bg4 6. Bc4 e6 7. h3 Bxf3
8. Qxf3 c6 9. Qf2 Be7 10. O-O O-O 11. Bd3 Nbd7 12. Qh4 Re8 13. Bg5 Nf8 14. Rf3
Ng6 15. Bxg6 hxg6 16. Raf1 Rf8 17. Rxf6 gxf6 18. Rxf6 c5 19. Ne2 cxd4 20. Nf4
Qb6 21. Nxg6 d3+ 22. Kh1 1-0

[Event "Open Ricany 2oo9"]
[Site "?"]
[Date "2009.08.22"]
[Round "1.4"]
[White "Vanecek ,Stanislav"]
[Black "Kovar ,Vojtech"]
[Result "0-1"]
[WhiteElo "1976"]
[BlackElo "2328"]

1. c4 c5 2. Nf3 Nf6 3. d4 cxd4 4. Nxd4 e5 5. Nc2 d5 6. Bg5 d4 7. g3 Be7 8. Bg2
Nc6 9. O-O O-O 10. Nd2 Bg4 11. Nf3 Qc7 12. Bxf6 Bxf6 13. e4 Be7 14. h3 Be6
15. b3 Rad8 16. Nfe1 f5 17. f3 Qd7 18. g4 fxg4 19. fxg4 d3 0-1

[Event "Open Ricany 2oo9"]
[Site "?"]
[Date "2009.08.22"]
[Round "1.28"]
[White "Zvara ,David"]
[Black "Petras ,Milan"]
[Result "0-1"]
[WhiteElo "1830"]
[BlackElo "2056"]

1. e4 e5 2. Nc3 Nc6 3. Bc4 Nf6 4. d3 Bb4 5. Ne2 d5 6. exd5 Nxd5 7. O-O Be6
8. Ne4 O-O 9. a3 Be7 10. b4 f5 11. N4c3 Bf6 12. Bb2 Kh8 13. Nxd5 Bxd5 14. Bxd5
Qxd5 15. Ng3 g6 16. f3 a5 17. c4 Qd6 18. b5 Nb8 19. Qe2 a4 20. Rfe1 Nd7 21. Kh1
Rfe8 22. d4 exd4 23. Qxe8+ Rxe8 24. Rxe8+ Kg7 25. Rd1 Nc5 26. Ne2 Kf7 27. Ra8 d3
28. Nc3 Qe6 29. b6 cxb6 30. Nxa4 Bxb2 31. Nxb2 Qe2 32. Rb1 Qc2 0-1

[Event "Open Ricany 2oo9"]
[Site "?"]
[Date "2009.08.22"]
[Round "1.10"]
[White "Marsalek ,Lubos"]
[Black "Kubikova ,Hana"]
[Result "1/2-1/2"]
[WhiteElo "1955"]
[BlackElo "2168"]

1. Nf3 Nf6 2. c4 e6 3. g3 d5 4. d4 c6 5. Qc2 Be7 6. Bg2 O-O 7. O-O Nbd7 8. Nbd2
a6 9. b3 b5 10. c5 a5 11. a3 Qc7 12. Bb2 Re8 13. b4 a4 14. e4 Nxe4 15. Nxe4 dxe4
16. Qxe4 Nf6 17. Qc2 Nd5 18. Rfe1 Bd7 19. Rad1 Rad8 20. Qe4 Bf6 21. Ne5 Rf8
1/2-1/2

[Event "Open Ricany 2oo9"]
[Site "?"]
[Date "2009.08.22"]
[Round "1.9"]
[White "Vojta ,Pavel"]
[Black "Kaiser ,Rudolf"]
[Result "1/2-1/2"]
[WhiteElo "2173"]
[BlackElo "1961"]

1. d4 f5 2. e4 fxe4 3. Nc3 Nf6 4. Bg5 Nc6 5. a3 g6 6. h4 d5 7. Be2 h6 8. Bf4 a6
9. g4 Bg7 10. Nh3 Nh7 11. Be3 e5 12. Bxh6 Bxh6 13. dxe5 Ne7 14. Qd4 Be6 15. f4
exf3 16. Bd3 O-O 17. g5 Bxh3 18. Rxh3 f2+ 19. Kf1 Qd7 20. e6 Qxe6 21. Re3 Qf7
22. gxh6 Nc6 23. Qg4 Nf6 24. Qg2 Kh8 25. Bxg6 Qd7 26. Bf5 Qf7 27. Be6 Qh7
28. Nxd5 Qxh6 29. Rg3 Qh7 30. Rg6 Nxd5 31. Bxd5 Ne5 32. Rg5 c6 33. Be4 Qxh4
34. Rxe5 Rg8 35. Qf3 Rg1+ 36. Ke2 Re1+ 37. Kd3 f1=Q+ 38. Qxf1 Rd8+ 39. Kc4 Rxf1
40. Rxf1 b5+ 41. Kc5 Kg8 42. Rff5 Qh6 43. Rg5+ Kf7 44. Rgf5+ Kg7 45. Rg5+ Kf7
46. Rgf5+ 1/2-1/2

[Event "Open Ricany 2oo9"]
[Site "?"]
[Date "2009.08.22"]
[Round "1.3"]
[White "Vojta ,Tomas"]
[Black "Postupa ,Martin"]
[Result "1-0"]
[WhiteElo "2365"]
[BlackElo "1986"]

1. e4 e5 2. Nc3 Nc6 3. Bc4 Nf6 4. d3 Be7 5. f4 d6 6. f5 Na5 7. Qf3 c6 8. Be3 b5
9. Bb3 O-O 10. Nge2 b4 11. Nd1 d5 12. Nf2 Bb7 13. O-O c5 14. Rfd1 Nxb3 15. axb3
Qc7 16. g4 Qc6 17. Ng3 Rfd8 18. g5 Ne8 19. exd5 Qxd5 20. Nfe4 f6 21. g6 h6
22. Ra5 Rdc8 23. Rda1 a6 24. Qf2 Rc7 25. Bxc5 Bxc5 26. Rxc5 Rxc5 27. Qxc5 a5
28. Qxd5+ Bxd5 29. Kf2 Kf8 30. Ke3 Ke7 31. d4 exd4+ 32. Kxd4 Nc7 33. Nh5 Bxe4
34. Kxe4 Ne8 35. Kf4 Ra6 36. c4 bxc3 37. bxc3 Ra7 38. Ra4 Kd6 39. b4 Nc7 40. c4
Rb7 41. b5 Kc5 42. Nxg7 Nd5+ 43. cxd5 Rxg7 44. Rxa5 Kxd5 45. Ra6 1-0

[Event "Open Ricany 2oo9"]
[Site "?"]
[Date "2009.08.22"]
[Round "1.16"]
[White "Urban ,Miroslav"]
[Black "Groh ,Jiri"]
[Result "0-1"]
[WhiteElo "1917"]
[BlackElo "2113"]

1. e4 c5 2. Nf3 Nc6 3. d4 cxd4 4. Nxd4 Nf6 5. Nc3 g6 6. Be3 Bg7 7. Nxc6 bxc6
8. e5 Ng8 9. Bd4 f6 10. f4 Qa5 11. exf6 Nxf6 12. Be2 c5 13. Be5 d6 14. Bb5+ Bd7
15. Bxd7+ Kxd7 16. O-O c4 17. Qd4 Rhc8 18. Ne4 Nxe4 19. Bxg7 Qc5 20. c3 Rab8
21. Qxc5 Nxc5 22. b4 cxb3 23. axb3 Rb7 24. b4 Ne6 25. Bh6 Rxc3 26. f5 gxf5
27. Rxf5 Rb3 28. Rfa5 R3xb4 29. Rxa7 Nc5 30. Rxb7+ Rxb7 31. h3 e5 32. g4 Ke6
33. Kg2 Ne4 34. Kf3 Nf6 35. Ra3 Rf7 36. Ke3 Nd5+ 37. Ke4 Rf6 38. Bg5 Rg6 39. Bd2
Nf6+ 40. Kf3 Rg7 41. g5 Nd5 42. Ke4 Rd7 43. Rf3 Ra7 44. Rf8 Ra4+ 45. Kf3 Ra2
46. Be1 Ra1 47. Bf2 Ra4 48. h4 Rf4+ 49. Rxf4 Nxf4 50. Kg4 d5 51. h5 Nd3 52. Be3
d4 53. Bxd4 exd4 54. g6 hxg6 55. hxg6 Ne5+ 56. Kf4 d3 0-1

[Event "Open Ricany 2oo9"]
[Site "?"]
[Date "2009.08.22"]
[Round "1.18"]
[White "Lexa ,Vaclav"]
[Black "Vevera ,Radek"]
[Result "0-1"]
[WhiteElo "1895"]
[BlackElo "2092"]

1. d4 d5 2. c4 e6 3. Nc3 Nf6 4. e3 Be7 5. Nf3 Nbd7 6. Bd3 O-O 7. O-O b6 8. e4
dxe4 9. Nxe4 Bb7 10. Qc2 c5 11. Be3 Qc7 12. Rad1 Rfd8 13. dxc5 bxc5 14. Bg5 Ne5
15. Nxf6+ gxf6 16. Nxe5 Qxe5 17. Bh4 Qh5 18. Bg3 Rd4 19. Be2 Qg5 20. Qb3 Bc6
21. f3 Rad8 22. Bf2 Bd6 23. Bxd4 cxd4 24. Rxd4 Bc5 0-1

[Event "Open Ricany 2oo9"]
[Site "?"]
[Date "2009.08.22"]
[Round "1.7"]
[White "Umanec ,Filip"]
[Black "Petrun ,Milan"]
[Result "1-0"]
[WhiteElo "2175"]
[BlackElo "1966"]

1. e4 c5 2. c3 Nf6 3. e5 Nd5 4. Nf3 e6 5. d4 cxd4 6. cxd4 d6 7. a3 Nc6 8. Bd3
Qc7 9. Qe2 Na5 10. Bc2 Bd7 11. O-O Rc8 12. Be4 Bc6 13. b4 Nb3 14. Ra2 Nxb4
15. exd6 Bxd6 16. axb4 Bxe4 17. Qxe4 Nxc1 18. Rxa7 O-O 19. Ng5 g6 20. Rxb7 Qd8
21. h4 Na2 22. Rxf7 Rxf7 23. Qxe6 Rc7 24. Qxa2 1-0

[Event "Open Ricany 2oo9"]
[Site "?"]
[Date "2009.08.22"]
[Round "1.11"]
[White "Sindler ,Michal"]
[Black "Vesecky ,Martin"]
[Result "1/2-1/2"]
[WhiteElo "2163"]
[BlackElo "1946"]

1. d4 Nf6 2. c4 c5 3. Nf3 cxd4 4. Nxd4 Nc6 5. g3 g6 6. Bg2 Bg7 7. O-O O-O
8. Nc3 Nxd4 9. Qxd4 d6 10. b3 Nd7 11. Qd2 a5 12. Bb2 Nc5 13. Nd5 Be6 14. Bxg7
Kxg7 15. Rfd1 Rb8 16. Rac1 b5 17. Nf4 bxc4 18. Nxe6+ fxe6 19. Rxc4 Qb6 20. e3
Rfc8 21. Bh3 Rc7 22. f4 Rbc8 23. Qd4+ Kf7 24. Rdc1 d5 25. R4c3 Qd6 26. Bg2 Na6
27. Rxc7 Rxc7 28. Rxc7 Qxc7 29. Bf1 Qc1 30. Kg2 Nc5 31. Qh8 Qc2+ 32. Kh3 h5
33. Bb5 Qf5+ 34. Kg2 Qe4+ 35. Kh3 Qf5+ 36. Kg2 Qe4+ 37. Kf2 Qc2+ 38. Kf3 Qe4+
39. Kf2 1/2-1/2

[Event "Open Ricany 2oo9"]
[Site "?"]
[Date "2009.08.22"]
[Round "1.24"]
[White "Hrdina ,Robin"]
[Black "Hulin ,Petr"]
[Result "0-1"]
[WhiteElo "1859"]
[BlackElo "2073"]

1. e4 c5 2. c3 e6 3. d4 d5 4. e5 Nc6 5. Nf3 Qb6 6. a3 c4 7. Be2 Bd7 8. O-O Na5
9. Nbd2 Ne7 10. Ne1 Nb3 11. Nxb3 Ba4 12. f4 Bxb3 13. Qd2 O-O-O 14. Bd1 Nc6
15. Bxb3 cxb3 16. Nf3 h6 17. Qd3 g6 18. Be3 Na5 19. Nd2 Kb8 20. Rfd1 Rc8
21. Rac1 Be7 22. c4 Qa6 23. Qc3 dxc4 24. Nf3 Rhd8 25. Kf2 b5 26. f5 gxf5
27. Bxh6 Nc6 28. Bf4 Qa5 29. Qe3 Qb6 30. Ke2 Rd5 31. Rd2 Rcd8 32. g3 Nxd4+
33. Nxd4 Rxd4 34. Rxd4 Rxd4 35. Kf1 Bc5 36. Qf3 Rd3 37. Qh5 Qc6 0-1

[Event "Open Ricany 2oo9"]
[Site "?"]
[Date "2009.08.22"]
[Round "1.29"]
[White "Moravec ,Vit"]
[Black "Eisner ,Oldrich"]
[Result "1-0"]
[WhiteElo "2053"]
[BlackElo "1828"]

1. e4 c5 2. Nf3 Nc6 3. Bb5 g6 4. O-O Bg7 5. d3 Nf6 6. Re1 O-O 7. c3 a6 8. Ba4
b5 9. Bc2 e5 10. Bg5 d5 11. Nbd2 d4 12. c4 h6 13. Bh4 Qd6 14. cxb5 axb5 15. a4
Nb4 16. Ra3 Bd7 17. Qb1 Rfc8 18. Bb3 Rab8 19. axb5 Bxb5 20. Nc4 Bxc4 21. Bxc4 g5
22. Bg3 Nh5 23. Qc1 Ra8 24. Qd2 Nxg3 25. hxg3 Qb6 26. Rea1 Qb7 27. Nh2 Kf8
28. f4 f6 29. fxe5 fxe5 30. Qf2+ Ke8 31. Rxa8 Rxa8 32. Rxa8+ Qxa8 33. Qf7+ Kd8
34. Qg8+ 1-0

[Event "Open Ricany 2oo9"]
[Site "?"]
[Date "2009.08.22"]
[Round "1.30"]
[White "Hajek ,Jiri"]
[Black "Straka ,Vojtech"]
[Result "1/2-1/2"]
[WhiteElo "1823"]
[BlackElo "2039"]

1. e4 c5 2. Nc3 Nc6 3. Nf3 g6 4. Bb5 Bg7 5. O-O e5 6. Nd5 a6 7. Bxc6 bxc6
8. Ne3 d5 9. d3 Ne7 10. b3 O-O 11. Ba3 Qa5 12. Bb2 f6 13. Qe1 Qb6 14. Nd2 Bh6
15. Nd1 Be6 16. Nc3 Qa5 17. Nf3 c4 18. d4 exd4 19. Nxd4 Bd7 20. exd5 Nxd5
21. Nxd5 Qxd5 22. Rd1 cxb3 23. cxb3 c5 24. Nf3 Qf5 25. Qe7 Rf7 26. Qd6 Bf4
27. Qd5 Re8 28. Ba3 Qxd5 29. Rxd5 Bb5 30. Rfd1 Re2 31. Bxc5 Rxa2 32. Nd4 Rd7
33. Rxd7 Bxd7 34. Nf3 Bg4 35. Be3 Bxe3 36. fxe3 Ra3 37. Rd6 Rxb3 38. Rxa6 Kg7
39. Kf2 Rb7 40. Rd6 Kf7 41. Kg3 Bd7 42. Rd4 g5 43. Rc4 Be6 44. Rc5 Rb3 45. Kf2
Rb2+ 46. Kg3 Rb7 47. Nd4 Bd7 48. Nf5 Bxf5 49. Rxf5 Kg6 50. Rc5 h5 51. Kf3 Rb2
52. h3 h4 53. Rc8 Rb3 54. Re8 Kf7 55. Rc8 Ke6 56. Rc5 Rd3 57. Kf2 Rd5 58. Rc4
Ke5 59. Kf3 Rb5 60. Re4+ Kf5 1/2-1/2

[Event "Open Ricany 2oo9"]
[Site "?"]
[Date "2009.08.22"]
[Round "1.27"]
[White "Skala ,Jaromir"]
[Black "Krejci ,Martin"]
[Result "1/2-1/2"]
[WhiteElo "2065"]
[BlackElo "1837"]

1. d4 Nf6 2. c4 g6 3. Nf3 Bg7 4. g3 O-O 5. Bg2 c6 6. O-O d5 7. cxd5 cxd5 8. Nc3
Nc6 9. Bf4 Bf5 10. Qb3 Qd7 11. Rac1 Rfd8 12. Rfd1 Rac8 13. Ne5 Qe6 14. Nxc6 bxc6
15. Be5 Ng4 16. e4 dxe4 17. Qxe6 Bxe6 18. Bxg7 Kxg7 19. Bxe4 Nf6 20. Bf3 Bg4
21. Bxg4 Nxg4 22. Ne4 Nf6 23. Nc5 Nd5 24. f4 Rb8 25. b3 Rdc8 26. Kf2 h5 27. Kf3
a5 28. Nd7 Rb7 29. Ne5 Rbc7 30. Rc5 f6 31. Nc4 a4 32. bxa4 Nc3 33. Rd3 Nxa2
34. Rb3 Nc1 35. Ra3 Rb8 36. a5 Nb3 37. Nb6 Nxc5 38. dxc5 Ra7 39. a6 Rd8 40. Ke4
Rd2 41. Ke3 Rxh2 42. Nc8 Ra8 43. Nb6 Ra7 44. Nc8 Ra8 1/2-1/2

[Event "Open Ricany 2oo9"]
[Site "?"]
[Date "2009.08.22"]
[Round "1.20"]
[White "Berg ,Antonin"]
[Black "Matejovsky ,Ondrej"]
[Result "1/2-1/2"]
[WhiteElo "1890"]
[BlackElo "2085"]

1. e4 e5 2. Nf3 Nc6 3. Bb5 a6 4. Ba4 Nf6 5. d3 b5 6. Bb3 Be7 7. c3 d5 8. Qe2
dxe4 9. dxe4 Bb7 10. Nbd2 Qd6 11. Nf1 O-O 12. Ng3 g6 13. O-O b4 14. Rd1 Qc5
15. Be3 Qa5 16. cxb4 Bxb4 17. Nd2 Bxd2 18. Rxd2 Rad8 19. Rad1 Rxd2 20. Rxd2 Qb4
21. Qf3 Ne8 22. Rd7 Nd6 23. Bh6 Nd4 24. Qd1 Rc8 25. h4 Bc6 26. Re7 Nxb3 27. axb3
Nb5 28. Bg5 h6 29. Bf6 Qd6 30. Qxd6 cxd6 31. h5 Rc7 32. Rxc7 Nxc7 33. hxg6 fxg6
34. Be7 Nb5 35. f3 Kf7 36. Bd8 Ke6 37. Ne2 d5 38. exd5+ Bxd5 39. b4 Nd6 40. Nc3
Nc4 41. Na4 Kd7 42. Bf6 Kc6 43. b3 Nd2 44. Bxe5 Bxb3 45. Nc3 Nc4 46. Bg7 h5
47. Kf2 Nd6 48. Bh8 Nf5 49. Bf6 Bc4 1/2-1/2

[Event "Open Ricany 2oo9"]
[Site "?"]
[Date "2009.08.22"]
[Round "1.19"]
[White "Krasnay ,Peter"]
[Black "Halla ,Jiri"]
[Result "0-1"]
[WhiteElo "2088"]
[BlackElo "1894"]

1. e4 e6 2. d4 d5 3. Nc3 Bb4 4. Ne2 dxe4 5. a3 Bxc3+ 6. Nxc3 c5 7. Nxe4 cxd4
8. Qg4 Kf8 9. Bg5 f6 10. Bd2 Nc6 11. O-O-O f5 12. Qf4 e5 13. Qf3 Qd5 14. Bd3 Nf6
15. Nxf6 Qxf3 16. gxf3 gxf6 17. Bh6+ Ke7 18. Rhg1 Rb8 19. Rg7+ Kd6 20. Bc4 Be6
21. Bxe6 Kxe6 22. Rdg1 Ne7 23. Bd2 f4 24. a4 Rhg8 25. Bb4 Rxg7 26. Rxg7 Nd5
27. Ba3 h5 28. Rh7 Kf5 29. a5 b5 30. axb6 Nxb6 31. Rxa7 Nc4 32. Rc7 Nxa3
33. bxa3 Rb5 34. Rc6 Kg5 35. Ra6 f5 36. a4 Rc5 37. Kd2 e4 38. a5 e3+ 39. fxe3
fxe3+ 40. Kd3 Kf4 41. Kxd4 Re5 0-1

[Event "Open Ricany 2oo9"]
[Site "?"]
[Date "2009.08.22"]
[Round "1.36"]
[White "Ruzicka st., Vaclav "]
[Black "Koper ,Stefan"]
[Result "0-1"]
[WhiteElo "1706"]
[BlackElo "2024"]

1. e4 e6 2. f4 d5 3. e5 c5 4. Nf3 Nc6 5. c3 g6 6. Be2 h5 7. Na3 a6 8. Nc2 Nh6
9. d4 Nf5 10. g3 c4 11. Ne3 Nxe3 12. Bxe3 b5 13. b4 a5 14. a3 Qb6 15. O-O Bd7
16. Qc2 Be7 17. Bf2 Ra6 18. Qb2 Kd8 19. Ng5 Bxg5 20. fxg5 Ne7 21. h4 Nf5 22. Bd1
Kc7 23. Bc2 Rha8 24. Bxf5 exf5 25. Be3 axb4 26. axb4 Qa7 27. Rxa6 Qxa6 28. Rc1
Kc6 29. Bf4 Qa4 30. Rb1 Be6 31. Be3 f4 32. gxf4 Bf5 33. Rc1 Qb3 34. Qf2 Ra2
35. Qe1 Bg4 36. Bf2 Re2 37. Qf1 Qb2 38. Re1 Rc2 39. Ra1 Qxc3 40. Qe1 Qxe1+
41. Bxe1 Re2 42. Bc3 Re3 43. Rc1 Kd7 44. Kg2 Ke6 45. Kf2 Rf3+ 46. Kg2 Rxf4
47. Rf1 Bh3+ 48. Kxh3 Rxf1 0-1

[Event "Open Ricany 2oo9"]
[Site "?"]
[Date "2009.08.22"]
[Round "1.23"]
[White "Voracek ,Zdenek"]
[Black "Svitak ,David"]
[Result "1-0"]
[WhiteElo "2075"]
[BlackElo "1865"]

1. d4 Nf6 2. c4 g6 3. Nc3 Bg7 4. e4 d6 5. f3 O-O 6. Be3 Nbd7 7. Qd2 c5 8. Nge2
a6 9. Rd1 Qa5 10. Nc1 e6 11. Be2 Ne8 12. Nb3 Qc7 13. O-O f5 14. exf5 gxf5
15. dxc5 dxc5 16. Bf4 Be5 17. Bxe5 Nxe5 18. f4 Ng6 19. g3 b6 20. Qd8 e5 21. Qd5+
Kh8 22. Qxa8 Bb7 23. Qd8 Qc6 24. Qd5 Qc7 25. Qd7 1-0